All UCL, UEL and UECL Winners - Statistics

General Stats
  • This quiz has been taken 120 times
  • The average score is 105 of 128
Answer Stats
Hint Answer % Correct
1956 | 1957 | 1958 | +14 others Real Madrid
99%
2012 | 2013 | 2019 | +2 others Chelsea
98%
1964 | 1965 | 1991 | +3 others Inter Milan
96%
1992 | 2006 | 2009 | +2 others Barcelona
95%
1973 | 1976 | 1977 | +6 others Liverpool
95%
2023 Manchester City
95%
1968 | 1999 | 2008 | 2017 Manchester United
95%
1963 | 1969 | 1989 | +4 others AC Milan
94%
2025 PSG
94%
1974 | 1975 | 1976 | +4 others Bayern Munich
91%
1977 | 1985 | 1990 | +2 others Juventus
91%
1972 | 1984 | 2025 Tottenham Hotspur
89%
1971 | 1972 | 1973 | +2 others Ajax
87%
1997 Borussia Dortmund
87%
1979 | 1980 Nottingham Forest
87%
1982 Aston Villa
86%
1987 | 2003 | 2004 | 2011 Porto
86%
2006 | 2007 | 2014 | +4 others Sevilla
86%
1961 | 1962 Benfica
84%
2022 Roma
83%
1991 Crvena Zvezda
82%
2010 | 2012 | 2018 Atletico Madrid
81%
1993 Marseille
81%
1978 | 1988 PSV
79%
2023 West Ham United
79%
1967 Celtic
76%
1970 | 1974 | 2002 Feyenoord
71%
2024 Atalanta
70%
1983 HSV
70%
2021 Villarreal
66%
1980 | 2022 Eintracht Frankfurt
62%
1986 Steaua Bucharest
54%
2004 Valencia
50%
1989 Napoli
49%
1988 Bayer Leverkusen
45%
2008 Zenit St. Petersburg
45%
2024 Olympiakos
44%
2000 Galatasaray
39%
2005 CSKA Moscow
38%
1995 | 1999 Parma
34%
1997 Schalke 04
33%
1983 Anderlecht
27%
1975 | 1979 Borussia Monchengladbach
24%
1982 | 1987 IFK Goteborg
22%
2009 Shakhtar Donetsk
22%
1981 Ipswich Town
19%
No matching quizzes found
Score Distribution
Percent of People with Each Score
Percentile by Number Answered
Your Score History
You have not taken this quiz